Вольтсекундные характеристики полярных и неполярных жидкостей; Известия Сибирского отделения Академии наук СССР; № 8

Podrobná bibliografie
Parent link:Известия Сибирского отделения Академии наук СССР/ Академия наук СССР (АН СССР), Сибирское отделение (СО)
№ 8.— 1962.— С. 22-26
Hlavní autor: Лимасов А. И.
Další autoři: Чепиков А. Т. Александр Тимофеевич
Shrnutí:В фонде НТБ ТПУ отсутствует
Jazyk:ruština
Vydáno: 1962
Témata:
Médium: MixedMaterials Kapitola
KOHA link:https://koha.lib.tpu.ru/cgi-bin/koha/opac-detail.pl?biblionumber=592396

MARC

LEADER 00000naa0a2200000 4500
001 592396
005 20250128154521.0
035 |a (RuTPU)RU\TPU\tpu\4349 
035 |a TPU00004349 
090 |a 592396 
100 |a 20011210d1962 k y0rusy50 ca 
101 0 |a rus 
102 |a RU 
200 1 |a Вольтсекундные характеристики полярных и неполярных жидкостей  |f А. И. Лимасов, А. Т. Чепиков 
320 |a Библиогр.: 10 назв. 
333 |a В фонде НТБ ТПУ отсутствует 
461 |t Известия Сибирского отделения Академии наук СССР  |f Академия наук СССР (АН СССР), Сибирское отделение (СО) 
463 |t № 8  |v С. 22-26  |d 1962 
610 1 |a вольтсекундные характеристики 
610 1 |a полярные жидкости 
610 1 |a неполярные жидкости 
610 1 |a труды учёных ТПУ 
700 1 |a Лимасов  |b А. И. 
701 1 |a Чепиков  |b А. Т.  |c российский ученый, специалист в области энергетики  |c профессор Томского политехнического университета  |f 1924-1999  |g Александр Тимофеевич  |3 (RuTPU)RU\TPU\pers\19883 
801 0 |a RU  |b 63413507  |c 20011210  |g PSBO 
801 2 |a RU  |b 63413507  |c 20171020  |g PSBO 
942 |c CR